Westwell. Tíživá lehkost lásky /
Rodiny Heleny a Jessiaha rozdělila tragédie - smrt jejich starších sourozenců, kteří byli zasnoubení. Helena se teď snaží očistit památku své mrtvé sestry. Román kombinuje prvky milostného příběhu a rodinného dramatu.
Uloženo v:
| Série: | Westwell,
část 1 |
|---|---|
| Hlavní autor: | |
| Další autoři: | |
| Médium: | E-kniha |
| Jazyk: | Czech |
| Vydáno: |
Praha :
Dobrovský s.r.o.,
2024
|
| Edice: | Red
|
| Témata: | |
| Příbuzné jednotky: | Z cyklu::
Westwell |
| Tagy: |
Žádné tagy |
| LEADER | 02913nam a2200493 i 4500 | ||
|---|---|---|---|
| 001 | 312341 | ||
| 003 | CZ PrSKC | ||
| 005 | 20260601215721.0 | ||
| 007 | ta | ||
| 008 | 240320s2024 xr g 000 f cze | ||
| 015 | |a cnb003478260 | ||
| 020 | |a 9788027721818 |q (brožováno) | ||
| 035 | |a (OCoLC)1438777342 | ||
| 040 | |a ABG001 |b cze |d OLA001 |e rda | ||
| 041 | 1 | |a cze |h ger | |
| 072 | 7 | |a 821.112.2-3 |x Německá próza, německy psaná |2 Konspekt | |
| 080 | |a 821.112.2-31 |2 MRF | ||
| 080 | |a (0:82-312.5) |2 MRF | ||
| 100 | 1 | |a Kiefer, Lena, |d 1984- |7 xx0308245 |4 aut | |
| 240 | 1 | 0 | |a Heavy & light. |l Česky |
| 245 | 1 | 0 | |a Westwell. |p Tíživá lehkost lásky / |c Lena Kiefer ; přeložil Rudolf Řežábek |
| 246 | 3 | 0 | |a Tíživá lehkost lásky |
| 264 | 1 | |a Praha : |b Dobrovský s.r.o., |c 2024 | |
| 300 | |a 401 stran ; |c 20 cm | ||
| 336 | |a text |b txt |2 rdacontent | ||
| 337 | |a bez média |b n |2 rdamedia | ||
| 338 | |a svazek |b nc |2 rdacarrier | ||
| 490 | 1 | |a Red | |
| 500 | |a Přeloženo z němčiny | ||
| 520 | 2 | |a Rodiny Heleny a Jessiaha rozdělila tragédie - smrt jejich starších sourozenců, kteří byli zasnoubení. Helena se teď snaží očistit památku své mrtvé sestry. Román kombinuje prvky milostného příběhu a rodinného dramatu. |b Když se Helena Westonová vrátí do New Yorku, má jediný cíl: zachránit pověst své sestry, ať to stojí, co to stojí. Je to už dva a půl roku, co byli Valerie a její životní láska Adam nalezeni mrtví v hotelovém apartmá po nočním večírku, a od té doby Adamova rodina nevynechala jedinou příležitost, aby z jejich tragické smrti obvinila pouze Valerii. Jen Helena pevně věří v sestřinu nevinu a dělá vše pro to, aby zjistila, co se oné osudné noci skutečně stalo. Při pátrání po pravdě se jí však do cesty ze všech lidí připlete zrovna Jessiah Coldwell, Adamův mladší bratr. Helena ví, že by měla Jesse nenávidět každým kouskem své bytosti. A přesto v ní probouzí city, proti kterým je brzy bezmocná... Nakladatelská anotace. Kráceno. | |
| 546 | |a Český text | ||
| 653 | 0 | |a literatura new adult | |
| 655 | 7 | |a německé romány |7 fd132945 |2 czenas | |
| 655 | 7 | |a milostné romány |7 fd132840 |2 czenas | |
| 655 | 9 | |a German fiction |2 eczenas | |
| 655 | 9 | |a love novels |2 eczenas | |
| 700 | 1 | |a Řežábek, Rudolf, |d 1944- |7 ola2003198081 |4 trl | |
| 787 | 0 | 8 | |i Z cyklu: |t Westwell |g 1 |
| 830 | 0 | |a Red | |
| 900 | |a ABA001 |b 20 | ||
| 044 | |a xr | ||
| 910 | |a RBIT002 | ||
| 998 | |d 401693 |a https://core.palmknihy.cz/api/books/401693/cover?sazz5p |b https://core.palmknihy.cz/api/books/401693/cover/400?sazz5p |c https://core.palmknihy.cz/api/books/401693/cover/50?sazz5p |e 2028-11-09 |g 408 |i 9788027721818 |j https://core.palmknihy.cz/api/books/401693/preview.epub |k https://core.palmknihy.cz/api/books/401693/preview.pdf |l |q 49 |r 1 |s https://www.palmknihy.cz/kniha/401693 |t ebook |y 2024 |z 0 |v Westwell |w 1 | ||
| 999 | |d 312339 | ||